| 000 | 00000nam 2200000zi 4500 |
| 001 | 9.877516 |
| 003 | CaOODSP |
| 005 | 20221107165009 |
| 006 | m o d f |
| 007 | cr ||||||||||| |
| 008 | 190806e202009##quco o f000 0 fre d |
| 020 | |a9780660321059|z9780660321066 |
| 040 | |aCaOODSP|bfre|erda|cCaOODSP |
| 043 | |an-cn--- |
| 086 | 1 |aIP54-94/2019F-PDF |
| 245 | 00|aGuide sur la protection de la vie privée à l’intention des entreprises : |bce que les entreprises canadiennes doivent savoir pour se conformer à la loi fédérale sur la protection des renseignements personnels. |
| 264 | 1|a[Gatineau, QC] : |bCommissariat à la protection de la vie privée du Canada = Office of the Privacy Commissioner of Canada, |cseptembre 2020. |
| 300 | |a1 ressource en ligne (43 pages) : |bphotographies en couleur |
| 336 | |atexte|btxt|2rdacontent/fre |
| 337 | |ainformatique|bc|2rdamedia/fre |
| 338 | |aressource en ligne|bcr|2rdacarrier/fre |
| 500 | |aTitre de la couverture. |
| 500 | |aPublié aussi en anglais sous le titre : Privacy guide for businesses : what Canadian businesses need to know to comply with federal privacy law. |
| 650 | 6|aDroit à la vie privée|zCanada. |
| 650 | 6|aEntreprises|xDroit|zCanada. |
| 650 | 6|aConsommateurs|xProtection|xDroit|zCanada|vLégislation. |
| 710 | 2 |aCommissariat à la protection de la vie privée du Canada, |eorganisme de publication. |
| 775 | 08|tPrivacy guide for businesses : |w(CaOODSP)9.877509 |
| 776 | 0#|tGuide sur la protection de la vie privée à l’intention des entreprises. |w(CaOODSP)9.877517 |
| 856 | 40|qPDF|s1.65 Mo|uhttps://publications.gc.ca/collections/collection_2021/cpvp-opc/IP54-94-2019-fra.pdf |